Les sports dans les films - Statistiques

Statistiques générales
  • Ce quiz a été pris 941 fois
  • Le résultat moyen est 8 sur 20
Statistiques - réponses
Film Sport % Correct
Rocky | Million dollar baby Boxe
99%
Coach Carter | Space Jam Basketball
89%
Point Break | Brice de Nice Surf
87%
Les seigneurs | Didier Football
81%
Le Grand Bain | Respect Natation
68%
Invictus | Toujours plus forts Rugby
68%
Balles de feu | Forrest Gump Tennis de table
48%
Senna | Jours de Tonnerre Course automobile
45%
La Plus Belle Victoire | Match Point Tennis
42%
Le stratège | Jusqu'au bout du rêve Baseball
34%
The Big Lebowski | Un match au sommet Bowling
34%
Les Triplettes de Belleville | L'Écossais volant Cyclisme
26%
Tin Cup | Happy Gilmore Golf
23%
L'arnaqueur | La couleur de l'argent Billard
16%
The Blind Side | Rudy Football americain
16%
The Miracle Season | Girls with Balls Volleyball
16%
Les Chariots de feu | La Couleur de la Victoire Course à pied
15%
Super Nacho | Cadence de combat Lutte
9%
Les Petits Champions | Fight Games Hockey sur glace
7%
90's | Les Seigneurs de Dogtown Skateboard
7%
Aucun quiz correspondant
Distribution des résultats
% des personnes avec chaque résultat
Percentile par nombre de réponses
Votre historique - résultats
Vous n’avez pas pris ce quiz